| 000 | 00411cam a2200169ua 4500 | ||
|---|---|---|---|
| 001 | 6638 | ||
| 008 | 121005n II |||gr||||Z||||||asm | ||
| 040 | _aMAIN | ||
| 041 | _aEnglish | ||
| 082 | _a900 GHO | ||
| 100 | _aGHOSH , AMAPANDA . | ||
| 245 | _aBHARATIYA PRATNNA TATWA | ||
| 260 |
_aGUWAHATI: _bHISTORICAL AND ANTIQUARIAN STUDIES, _c1960. |
||
| 300 | _a70. | ||
| 653 | _aHistory & geography | ||
| 942 | _cBK | ||
| 999 |
_c6623 _d6623 |
||